000
00291nam a2200121Ia 4500
008
190216s9999||||xx |||||||||||||| ||und||
100
_a
Augustine A E&Amp;Joseph K V
245
0
_a
Grammer A Handbook
260
_b
Macmillan
_c
1988
300
_a
204
650
_a
English Grammar
942
_c
BK
999
_c
13539
_d
13539